All Modern-Day Countries Ever Controlled by Crusaders and Military Orders - Statistics

General Stats
  • This quiz has been taken 12,365 times
  • The average score is 23 of 25
Answers on the Map
Answers color-coded by a green-red scale on the quiz's map according to % correct below.
 
Answer Stats
Countries % Correct
Greece
99%
Turkey
99%
Albania
98%
Cyprus
98%
Estonia
98%
Germany
98%
Israel
98%
Latvia
98%
Lithuania
98%
Poland
98%
Russia
98%
Bulgaria
97%
Egypt
97%
Jordan
97%
Lebanon
97%
Romania
97%
Syria
97%
Malta
96%
Sweden
96%
Libya
94%
Belarus
91%
France (St. Barthelemy / St. Martin)
72%
United States (U.S. Virgin Islands)
65%
North Macedonia
63%
St. Kitts and Nevis
60%
No matching quizzes found
Score Distribution
Percent of People with Each Score
Percentile by Number Answered
Your Score History
You have not taken this quiz